Trouve ces peronnages d'animés - Statistiques

Statistiques générales
  • Ce quiz a été pris 63 fois
  • Le résultat moyen est 9 sur 12
Statistiques - réponses
Par images Réponse % Correct
Naruto
100%
L
97%
Luffy
95%
Goku
88%
Sasuke
88%
Eren
86%
Light
84%
Saitama
83%
Tanjiro
67%
Ichigo
62%
Kenshin
24%
Shinji
22%
Aucun quiz correspondant
Distribution des résultats
% des personnes avec chaque résultat
Percentile par nombre de réponses
Votre historique - résultats
Vous n’avez pas pris ce quiz